Believing in Magic /

"In her poignant and intensely personal memoir, Cookie Johnson, wife of NBA icon Earvin 'Magic' Johnson, speaks for the first time about how her husband's 1991 HIV diagnosis sent her life and marriage into a frightening new direction"--Provided by publisher.

Bibliographic Details
Main Authors: Johnson, Cookie (Author), Millner, Denene (Author)
Format: Book
Language:English
Published: New York : Howard Books, an imprint of Simon & Schuster, Inc., 2016.
Edition:First Howard Books hardcover edition.
Subjects:

MARC

Tag First Indicator Second Indicator Subfields
LEADER 00000cam a22000008i 4500
001 in00003752467
005 20161031152520.0
008 160223s2016 nyuaf 000 0aeng
010 |a  2016008984 
035 |a (OCoLC)ocn941140266 
040 |a DLC  |b eng  |e rda  |c DLC  |d OCLCO  |d BDX  |d YDXCP  |d BTCTA  |d EGM  |d OCLCQ  |d IK2  |d ON8  |d OQX  |d JP3 
020 |a 9781501125157  |q (hardcover) 
020 |a 150112515X  |q (hardcover) 
020 |a 9781501137563  |q (tradepaper) 
020 |a 1501137565  |q (tradepaper) 
020 |z 9781501125188  |q (ebook) 
042 |a pcc 
043 |a n-us--- 
050 0 0 |a GV884.J63  |b J63 2016 
082 0 0 |a 796.323092  |a B  |2 23 
049 |a TXAM 
100 1 |a Johnson, Cookie,  |e author. 
245 1 0 |a Believing in Magic /  |c Cookie Johnson with Denene Millner. 
246 1 |i Title on jacket :  |a Believing in Magic :  |b my story of love, overcoming adversity, and keeping the faith 
250 |a First Howard Books hardcover edition. 
263 |a 1611 
264 1 |a New York :  |b Howard Books, an imprint of Simon & Schuster, Inc.,  |c 2016. 
300 |a xv, 254 pages, 8 unnumbered pages of plates :  |b illustrations (chiefly color) ;  |c 23 cm 
336 |a text  |b txt  |2 rdacontent 
337 |a unmediated  |b n  |2 rdamedia 
338 |a volume  |b nc  |2 rdacarrier 
520 2 |a "In her poignant and intensely personal memoir, Cookie Johnson, wife of NBA icon Earvin 'Magic' Johnson, speaks for the first time about how her husband's 1991 HIV diagnosis sent her life and marriage into a frightening new direction"--Provided by publisher. 
505 0 |a Prologue -- Meeting Magic -- Courting Earvin -- An uneasy alliance -- The runaway groom -- Saying "I do" -- Standing by my man -- A new season -- EJ's freedom -- All in the family : adopting Elisa -- The truth about basketball wives -- In this life together. 
600 1 0 |a Johnson, Cookie. 
600 1 0 |a Johnson, Cookie  |x Marriage. 
600 1 0 |a Johnson, Cookie  |x Family. 
600 1 0 |a Johnson, Earvin,  |d 1959-  |x Marriage. 
600 1 0 |a Johnson, Earvin,  |d 1959-  |x Health. 
650 0 |a Athletes' spouses  |z United States  |v Biography. 
650 0 |a Basketball players  |x Family relationships  |z United States. 
650 0 |a HIV-positive men  |z United States  |v Biography. 
650 0 |a HIV infections  |x Psychological aspects. 
700 1 |a Millner, Denene,  |e author. 
948 |a cataloged  |b h  |c 2016/10/31  |d c  |e ceaton  |f 3:08:48 pm 
994 |a C0  |b TXA 
999 f f |s b5d444d1-75c3-3b1d-acd5-7df18827f6fe  |i 3f4abd41-d69f-3c7b-881b-ee6aab969680  |t 0 
952 f f |p normal  |a Texas A&M University  |b College Station  |c Sterling C. Evans Library  |d Evans: Library Stacks  |t 0  |e GV884.J63 J63 2016  |h Library of Congress classification  |i unmediated -- volume  |m A14813728244 
998 f f |a GV884.J63 J63 2016  |t 0  |l Evans: Library Stacks